000 00551nam a2200157 a 4500
001 000045980
005 20201002052547.0
008 150605s2002 dr 000 0 spa d
040 _aDO-SdBNP
_bspa
_cBNPHU
082 _axxxx
_bxxxx
110 1 _aRepública Dominicana.
_bCongreso Nacional.
_916501
245 1 0 _aLey No. 147-02 sobre gestión de riesgos.
260 _aSanto Domingo :
_bDefensa Civil,
_bASOMURE,
_c2002.
300 _a36 p. ;
_c21 cm.
710 2 2 _aAsociación de Municipios de la Región Enriquillo (ASOMURE), República Dominicana
_974050
999 _c45469
_d45469